000 00897nam2a2200205 4500
001 RU\NLR\PER_A\002285415_000370
005 20250624033004.0
035 _a(NLR Aleph) 012431515
090 _a11878229
_c11878229
100 _a20210113d2020 |||y0rusy50 ca
101 0 _arus
102 _aRU
200 0 _a№ 49
210 _d2020
_aБ. м.
461 0 _1001RU\NLR\INFOCOMM29\5000545707
_12001#$aВопросы кредитной кооперации$eИнформ.-аналит. журн.$fЮж.-Рос. ассоц. кредит. союзов$v№ 49
_94082120
_cРостов н/Д.
_d2002 -
_fЮж.-Рос. ассоц. кредит. союзов
_nЮж.-Рос. ассоц. кредит. союзов
_oИнформ.-аналит. журн.
_tВопросы кредитной кооперации
_v№ 49
852 _aNLR
_jП22/7772
942 _cISSUE
980 _aNB
980 _aRUSPER